Objektivitás és szubjektivitás
Elmentve itt :
| Szerző: | |
|---|---|
| Adatforrás: | Meister |
| Forrásdokumentuma: | Korunk. - 3 sz., 1993, 14-16 p. |
| Nyelv: | magyar |
| Kulcsszavak: | tudományfilozófia ismeretelmélet tudomány antropomorfizmus természet objektivitás & szubjektivitás szubjektivitás & objektivitás jelentés HEISENBERG Werner |
| LEADER | 00606nab a2200217 i 4500 | ||
|---|---|---|---|
| 001 | bibPRO00002387 | ||
| 008 | 060524s1993 xx hun | ||
| 040 | |a Sz1 | ||
| 041 | |a hun | ||
| 100 | 1 | |a PLESU Andrei | |
| 245 | 1 | 0 | |a Objektivitás és szubjektivitás |c PLESU Andrei |
| 695 | |a tudományfilozófia | ||
| 695 | |a ismeretelmélet | ||
| 695 | |a tudomány | ||
| 695 | |a antropomorfizmus | ||
| 695 | |a természet | ||
| 695 | |a objektivitás & szubjektivitás | ||
| 695 | |a szubjektivitás & objektivitás | ||
| 695 | |a jelentés | ||
| 695 | |a HEISENBERG Werner | ||
| 773 | 0 | |t Korunk. - |g 3 sz., 1993, 14-16 p. | |